[Event "GER-ch 88th"]
[Site "Apolda"]
[Date "2017.06.24"]
[Round "2"]
[White "Frischmann, Rick"]
[Black "Prenzler, Daniel"]
[Result "1-0"]
[WhiteElo "2302"]
[BlackElo "2210"]
[EventDate "2017.06.23"]
[PlyCount "97"]

1. e4 e6 2. d4 d5 3. Nd2 c5 4. exd5 Qxd5 5. Ngf3 cxd4 6. Bc4 Qd6 7. O-O Nf6 8. Nb3 Nc6 9. Nbxd4 Nxd4 10. Nxd4 a6 11. Re1 Qc7 12. Qe2 h6 13. h3 Bc5 14. Nb3 Bd6 15. Bd2 b5 16. Bd3 Bb7 17. Na5 Bd5 18. c4 bxc4 19. Nxc4 Be7 20. Rac1 Qb7 21. Rc3 O-O 22. Rb3 Qa7 23. Rc1 Rab8 24. Rxb8 Rxb8 25. b3 Bc5 26. Bf4 Rd8 27. Ne3 Bb7 28. Bc4 a5 29. Bc7 Rd7 30. Be5 Bd4 31. Bxd4 Rxd4 32. a4 Qa8 33. Rd1 Qd8 34. Rd3 Be4 35. Rxd4 Qxd4 36. Qe1 Qc5 37. Qd2 Nd5 38. Ng4 Bf5 39. Ne5 f6 40. Nf3 Kf7 41. Qd4 Qxd4 42. Nxd4 Nb6 43. Nxf5 Nxc4 44. bxc4 exf5 45. Kf1 Ke6 46. Ke2 Kd6 47. Kd3 Kc5 48. Kc3 h5 49. f3 1-0

[Event "GER-ch 88th"]
[Site "Apolda"]
[Date "2017.06.24"]
[Round "2"]
[White "Heimrath, Reiner"]
[Black "Hirneise, Jens"]
[Result "1/2-1/2"]
[WhiteElo "2231"]
[BlackElo "2328"]
[EventDate "2017.06.23"]
[PlyCount "160"]

1. Nf3 Nf6 2. c4 g6 3. g3 Bg7 4. Bg2 d6 5. d4 O-O 6. O-O Nc6 7. d5 Na5 8. Nfd2 c6 9. Nc3 Bd7 10. b4 Nxd5 11. cxd5 Bxc3 12. Rb1 Bxd2 13. Bxd2 Nc4 14. Bh6 Qb6 15. dxc6 Bxc6 16. Bxf8 Rxf8 17. Bxc6 bxc6 18. Qd3 d5 19. Rfd1 e6 20. a4 a5 21. Qc3 axb4 22. Rxb4 Qa7 23. Rdb1 c5 24. Rb5 Qxa4 25. Rxc5 Qa2 26. Re1 Nd6 27. Ra5 Ne4 28. Rxa2 Nxc3 29. Rc2 Ne4 30. Rec1 Kg7 31. Rc8 Rxc8 32. Rxc8 h6 33. f3 Nf6 34. Kf2 g5 35. Ke3 Nd7 36. Rc7 Ne5 37. Kd4 Kf6 38. Rc8 Ng6 39. Rc7 h5 40. Kc5 h4 41. Kd4 hxg3 42. hxg3 Ne7 43. Ke3 Nf5+ 44. Kf2 Ne7 45. Rb7 Ng6 46. Kg2 Ne7 47. Rb4 Ke5 48. Rg4 Kf6 49. Kh3 Ng6 50. Ra4 Ne5 51. Ra8 Nc4 52. Kg4 Ne3+ 53. Kh3 Nf5 54. Ra4 Ne3 55. g4 Ke5 56. Kg3 f5 57. gxf5 exf5 58. f4+ gxf4+ 59. Rxf4 d4 60. Rh4 Nf1+ 61. Kf2 Nd2 62. Ke1 Ne4 63. Kd1 Nc3+ 64. Kd2 Ne4+ 65. Kd3 Nf2+ 66. Kc4 Ng4 67. Rh8 Ke4 68. Re8+ Ne5+ 69. Kc5 d3 70. exd3+ Kxd3 71. Rxe5 f4 72. Rf5 Ke3 73. Kd5 f3 74. Re5+ Kd3 75. Re1 f2 76. Ra1 Ke2 77. Ke4 f1=Q 78. Ra2+ Ke1 79. Ra1+ Ke2 80. Rxf1 Kxf1 1/2-1/2

[Event "GER-ch 88th"]
[Site "Apolda"]
[Date "2017.06.24"]
[Round "2"]
[White "Jugelt, Tobias"]
[Black "Rehberg, Raphael"]
[Result "1-0"]
[WhiteElo "2431"]
[BlackElo "2264"]
[EventDate "2017.06.23"]
[PlyCount "119"]

1. b3 d5 2. Bb2 c5 3. e3 Nc6 4. f4 Nf6 5. Nf3 a6 6. Ne5 Qc7 7. Be2 Nd7 8. Nxc6 Qxc6 9. Bf3 Qd6 10. O-O e5 11. d3 f6 12. Nc3 Nb6 13. fxe5 fxe5 14. a4 Be6 15. Ba3 Qc6 16. Bg4 O-O-O 17. a5 Nd7 18. e4 d4 19. Bxe6 Qxe6 20. Nd5 Nf6 21. Nb6+ Kb8 22. Qf3 Bd6 23. Nc4 Rhf8 24. Qf5 Qe7 25. Qg5 Nd7 26. Qh5 g6 27. Qh6 Rxf1+ 28. Rxf1 Bc7 29. Bc1 Rf8 30. Rxf8+ Nxf8 31. Bg5 Qf7 32. Qh4 Nd7 33. Be7 h6 34. Bd6 Kc8 35. Qxh6 Qg8 36. Bxc7 Kxc7 37. Qg5 Qe6 38. g3 Kc6 39. Kg2 Kb5 40. h4 Kb4 41. Qc1 Kb5 42. Qd1 Nf6 43. Qa1 Kc6 44. Qc1 Kb5 45. Qg5 Ng4 46. Qd8 Kb4 47. Qb6+ Qxb6 48. axb6 Kb5 49. Kf3 Nh2+ 50. Ke2 Ng4 51. Kd2 Kc6 52. Kc1 Kb5 53. Kb2 Kc6 54. Ka2 Kb5 55. Ka3 a5 56. Kb2 Ka6 57. Ka2 Kb5 58. Ka3 Ne3 59. Nxe5 Nxc2+ 60. Kb2 1-0

[Event "GER-ch 88th"]
[Site "Apolda"]
[Date "2017.06.24"]
[Round "2"]
[White "Keymer, Vincent"]
[Black "Miller, Eduard"]
[Result "1-0"]
[WhiteElo "2411"]
[BlackElo "2319"]
[EventDate "2017.06.23"]
[PlyCount "63"]

1. d4 Nf6 2. c4 e5 3. dxe5 Ng4 4. Nf3 Nc6 5. e3 Ngxe5 6. Nxe5 Nxe5 7. Nc3 d6 8. Be2 g6 9. b3 Bg7 10. Bb2 O-O 11. O-O Qh4 12. Qd2 c6 13. f4 Ng4 14. Bxg4 Bxg4 15. Ne4 Bxb2 16. Qxb2 f5 17. Nxd6 Qe7 18. Qe5 Qxe5 19. fxe5 Rad8 20. h3 Bh5 21. Rf2 Rd7 22. Raf1 Rfd8 23. e4 Re7 24. exf5 Rxe5 25. c5 g5 26. Nxb7 Rd4 27. f6 Bf7 28. Rf5 Rdd5 29. Rxe5 Rxe5 30. Rf2 h5 31. b4 Kh7 32. Nd8 1-0

[Event "GER-ch 88th"]
[Site "Apolda"]
[Date "2017.06.24"]
[Round "2"]
[White "Kollars, Dmitrij"]
[Black "Fuchs, Florian"]
[Result "1-0"]
[WhiteElo "2510"]
[BlackElo "2335"]
[EventDate "2017.06.23"]
[PlyCount "105"]

1. e4 e5 2. Nf3 Nc6 3. Bc4 Nf6 4. d3 Be7 5. O-O O-O 6. Re1 d6 7. a4 Na5 8. Ba2 c5 9. c3 Nc6 10. Na3 a6 11. Bg5 h6 12. Bxf6 Bxf6 13. Nc4 Rb8 14. Ne3 g6 15. Nd2 Bg7 16. Bd5 Ne7 17. a5 Kh7 18. Nec4 Nxd5 19. exd5 f5 20. Rb1 Qc7 21. Nb6 Bd7 22. Nxd7 Qxd7 23. Nc4 Qf7 24. Qf3 Qc7 25. h3 Rbe8 26. Qd1 Rd8 27. Qc2 Qf7 28. Nb6 g5 29. b4 cxb4 30. Rxb4 Qg6 31. Reb1 Rf7 32. Qe2 h5 33. f3 e4 34. fxe4 Bxc3 35. exf5 Qh6 36. R4b3 Bd4+ 37. Kh1 Kg7 38. Nc4 Rdd7 39. Nd2 g4 40. Ne4 Qe3 41. Qxe3 Bxe3 42. Re1 Bf4 43. Rf1 Be3 44. d4 Bh6 45. hxg4 hxg4 46. Rg3 Kf8 47. Rxg4 Be3 48. g3 Rh7+ 49. Kg2 Rc7 50. Kf3 Bxd4 51. Ng5 Rc3+ 52. Ke4 Rhc7 53. Ne6+ 1-0

[Event "GER-ch 88th"]
[Site "Apolda"]
[Date "2017.06.24"]
[Round "2"]
[White "Nisipeanu, Liviu Dieter"]
[Black "Kalinitschew, Sergey"]
[Result "1-0"]
[WhiteElo "2683"]
[BlackElo "2426"]
[EventDate "2017.06.23"]
[PlyCount "61"]

1. e4 g6 2. d4 Bg7 3. Nc3 d6 4. Bg5 c5 5. dxc5 Qa5 6. Qd2 Qxc5 7. Nd5 Be6 8. Be3 Qc8 9. Bd4 f6 10. Nf3 Nc6 11. Be3 Bf7 12. Be2 h5 13. O-O-O Bh6 14. Kb1 Kf8 15. Nd4 Bxe3 16. Nxe3 Nh6 17. f4 Ng4 18. Bxg4 hxg4 19. f5 Ne5 20. h3 g5 21. hxg4 Kg7 22. Rxh8 Qxh8 23. Ne6+ Bxe6 24. fxe6 Nc6 25. Nf5+ Kg6 26. Qd3 Rd8 27. e5 Nxe5 28. Nxe7+ Kg7 29. Qd5 Nxg4 30. Nf5+ Kg6 31. e7 1-0

[Event "GER-ch 88th"]
[Site "Apolda"]
[Date "2017.06.24"]
[Round "2"]
[White "Schmidt Schaeffer, Sebastian"]
[Black "Goepfert, Jakob"]
[Result "1/2-1/2"]
[WhiteElo "2381"]
[BlackElo "2109"]
[EventDate "2017.06.23"]
[PlyCount "168"]

1. d4 Nf6 2. Nf3 c5 3. d5 g6 4. Nc3 Bg7 5. e4 d6 6. h3 O-O 7. Bc4 b5 8. Nxb5 Nxe4 9. O-O a6 10. Na3 Nd7 11. Re1 Nef6 12. Bb3 Nb6 13. c4 a5 14. Bd2 Nfxd5 15. cxd5 a4 16. Bc2 Bxb2 17. Nb5 Bxa1 18. Qxa1 f6 19. Bh6 Rf7 20. Qb1 Kh8 21. Nc3 Bb7 22. Be4 Rb8 23. Qd3 Qe8 24. Nd2 Ra8 25. Qg3 e5 26. dxe6 Qxe6 27. Re3 Bxe4 28. Ndxe4 Qd7 29. Nxd6 Re7 30. Nce4 Nd5 31. Rd3 Qc6 32. Qf3 f5 33. Ng3 Nb4 34. Qxc6 Nxc6 35. Be3 Nb4 36. Rd2 Re5 37. a3 Rd5 38. axb4 Rxd2 39. Bxd2 cxb4 40. Bxb4 a3 41. Bxa3 Rxa3 42. f3 Ra2 43. Kf1 Kg7 44. Ne2 Kf6 45. g3 Ke6 46. Nb5 Ra1+ 47. Kf2 Kd5 48. Ke3 Ke5 49. h4 Rh1 50. Nbd4 Ra1 51. Nf4 Ra3+ 52. Nd3+ Kf6 53. f4 Rc3 54. Nf3 Rc4 55. Nfe5 Ra4 56. Nd7+ Ke7 57. N7c5 Rc4 58. Nb3 Rc3 59. Nd4 Ra3 60. Nf3 Ra4 61. Ng5 h6 62. Nf3 Re4+ 63. Kf2 Kf6 64. Nde5 Ra4 65. Nd7+ Kg7 66. Nfe5 Ra2+ 67. Kf3 Ra3+ 68. Kg2 Ra2+ 69. Kh3 Rc2 70. Nf3 Rf2 71. Nde5 Ra2 72. h5 g5 73. fxg5 hxg5 74. Nxg5 Kh6 75. Kh4 Ra4+ 76. g4 fxg4 77. Nef7+ Kg7 78. h6+ Kg6 79. h7 Ra8 80. Kg3 Ra3+ 81. Kxg4 Ra4+ 82. Kf3 Rh4 83. h8=R Rxh8 84. Nxh8+ Kxg5 1/2-1/2

[Event "GER-ch 88th"]
[Site "Apolda"]
[Date "2017.06.24"]
[Round "2"]
[White "Schmitt, Philipp"]
[Black "Bischoff, Klaus"]
[Result "0-1"]
[WhiteElo "2174"]
[BlackElo "2504"]
[EventDate "2017.06.23"]
[PlyCount "112"]

1. e4 c5 2. Nf3 e6 3. d4 cxd4 4. Nxd4 a6 5. Bd3 g6 6. O-O Bg7 7. Nb3 d6 8. a4 Nf6 9. Be3 O-O 10. N1d2 Nc6 11. Nc4 Rb8 12. a5 d5 13. exd5 exd5 14. Nb6 Qc7 15. Ra4 Ne5 16. Rd4 Be6 17. Be2 Nc6 18. Bf4 Qe7 19. Rd2 Rbd8 20. c3 Ne4 21. Nxd5 Bxd5 22. Rxd5 Rxd5 23. Qxd5 Nxc3 24. bxc3 Qxe2 25. Nd4 Bxd4 26. cxd4 Rd8 27. Qg5 Rxd4 28. g3 Qe4 29. Qg4 Rd8 30. Qh4 Rd5 31. Rc1 h5 32. Qf6 Rf5 33. Qd6 h4 34. Bh6 Kh7 35. Qf8 Qd4 36. Be3 Qh8 37. Qd6 Qe8 38. gxh4 Rxa5 39. Qf4 Rd5 40. Qh6+ Kg8 41. Qf4 Qd7 42. Qf6 Nd4 43. Bh6 Nf5 44. Bg5 Rd1+ 45. Rxd1 Qxd1+ 46. Kg2 Qd5+ 47. Kg1 Qd4 48. Kf1 Qxf6 49. Bxf6 Kh7 50. Ke2 Kh6 51. Kd3 Kh5 52. Kc4 Nxh4 53. Kc5 Nf3 54. h3 Ng5 55. Kb6 Nxh3 56. Bd4 Kg4 0-1

[Event "GER-ch 88th"]
[Site "Apolda"]
[Date "2017.06.24"]
[Round "2"]
[White "Schneider, Jana"]
[Black "Meier, Georg"]
[Result "0-1"]
[WhiteElo "2261"]
[BlackElo "2644"]
[EventDate "2017.06.23"]
[PlyCount "86"]

1. e4 c5 2. Nf3 Nc6 3. Bb5 g6 4. Bxc6 dxc6 5. O-O Bg7 6. d3 Nf6 7. Na3 O-O 8. Qe2 b5 9. Rd1 Bg4 10. h3 Bxf3 11. Qxf3 Nd7 12. Qe2 e5 13. c3 Qe7 14. Nc2 a5 15. f3 f5 16. Be3 Rf7 17. Bf2 Nf8 18. a4 Ne6 19. axb5 Nf4 20. Qf1 cxb5 21. Ne3 a4 22. Kh2 Bh6 23. Ra2 c4 24. dxc4 fxe4 25. cxb5 Nd3 26. Ng4 Bf4+ 27. Kh1 Qe6 28. Raa1 h5 29. Nh2 Nxb2 30. Re1 Bxh2 31. Kxh2 exf3 32. gxf3 Rxf3 33. Qg2 Raf8 34. Bg3 Nd3 35. Rf1 e4 36. Rxf3 exf3 37. Qf1 Qe2+ 38. Kg1 Qe3+ 39. Kh1 f2 40. Kh2 Rf3 41. Bc7 Nf4 42. Bxf4 Qxf4+ 43. Kh1 Rg3 0-1

[Event "GER-ch 88th"]
[Site "Apolda"]
[Date "2017.06.24"]
[Round "2"]
[White "Svane, Rasmus"]
[Black "Langheinrich, Ferenc"]
[Result "1/2-1/2"]
[WhiteElo "2581"]
[BlackElo "2364"]
[EventDate "2017.06.23"]
[PlyCount "80"]

1. d4 Nf6 2. Nf3 e6 3. c4 d5 4. Nc3 Bb4 5. cxd5 exd5 6. Bg5 c5 7. dxc5 Nbd7 8. Rc1 Nxc5 9. Qd4 Bxc3+ 10. Qxc3 Nce4 11. Bxf6 Qxf6 12. Qxf6 Nxf6 13. e3 Ke7 14. Bb5 a6 15. Ba4 b5 16. Bb3 Be6 17. Ke2 Rhc8 18. Nd4 Rxc1 19. Rxc1 Rc8 20. Rxc8 Bxc8 21. f3 h5 22. Kd3 Kd6 23. Ne2 Kc5 24. Kd2 a5 25. Bc2 b4 26. Nd4 Bd7 27. Bd3 g6 28. Be2 Ne8 29. b3 Nc7 30. Bd3 Ne6 31. Ne2 Kd6 32. h3 Nc5 33. Nd4 Ne6 34. Nc2 Nc5 35. Be2 h4 36. Nd4 Ne6 37. Nc2 Nc5 38. Nd4 Ne6 39. Nc2 Nc5 40. Nd4 Ne6 1/2-1/2

[Event "GER-ch 88th"]
[Site "Apolda"]
[Date "2017.06.24"]
[Round "2"]
[White "Telljohann, Sven"]
[Black "Huschenbeth, Niclas"]
[Result "0-1"]
[WhiteElo "2407"]
[BlackElo "2585"]
[EventDate "2017.06.23"]
[PlyCount "58"]

1. Nf3 c5 2. c4 Nc6 3. g3 g6 4. Bg2 Bg7 5. O-O e6 6. d3 Nge7 7. Nc3 O-O 8. Bd2 d5 9. Qc1 b6 10. Bh6 d4 11. Bxg7 Kxg7 12. Nb1 Qd6 13. Qf4 Qxf4 14. gxf4 Rb8 15. Na3 Bd7 16. Rfc1 Nf5 17. Nc2 e5 18. Nxe5 Nxe5 19. fxe5 Rbe8 20. f4 f6 21. Rf1 fxe5 22. fxe5 Rxe5 23. Rf2 Rfe8 24. Be4 Nd6 25. Bf3 Bh3 26. Rd1 Rf8 27. Re1 Rg5+ 28. Kh1 Nf5 29. Bg2 Ne3 0-1

[Event "GER-ch 88th"]
[Site "Apolda"]
[Date "2017.06.24"]
[Round "2"]
[White "Tischbierek, Raj"]
[Black "Schulz, Karsten"]
[Result "1-0"]
[WhiteElo "2452"]
[BlackElo "2274"]
[EventDate "2017.06.23"]
[PlyCount "81"]

1. e4 d6 2. d4 Nf6 3. Nc3 e5 4. Nf3 exd4 5. Nxd4 Be7 6. Be2 O-O 7. Bf4 Nc6 8. Qd2 a6 9. O-O-O Nxd4 10. Qxd4 Be6 11. Kb1 b5 12. h4 c5 13. Qe3 b4 14. Nd5 Nxd5 15. exd5 Bd7 16. Rde1 Re8 17. Qg3 Bb5 18. Bf3 Qc7 19. Be4 Bf8 20. h5 Qd7 21. Bc1 f5 22. Bf3 Rxe1 23. Rxe1 Re8 24. Rh1 a5 25. Qf4 Qf7 26. g4 Re5 27. Rd1 Bd7 28. g5 Re8 29. g6 Qf6 30. gxh7+ Kxh7 31. Rg1 Re5 32. b3 Qe7 33. Qd2 c4 34. bxc4 Qh4 35. Bb2 Re7 36. Bd4 f4 37. Qd3+ Kg8 38. h6 Rf7 39. Be4 f3 40. Bh7+ Kh8 41. hxg7+ 1-0

[Event "GER-ch 88th"]
[Site "Apolda"]
[Date "2017.06.24"]
[Round "2"]
[White "Zude, Arno"]
[Black "Donchenko, Alexander"]
[Result "0-1"]
[WhiteElo "2398"]
[BlackElo "2573"]
[EventDate "2017.06.23"]
[PlyCount "76"]

1. e4 c5 2. Nf3 d6 3. d4 cxd4 4. Nxd4 Nf6 5. Nc3 a6 6. Nb3 Nbd7 7. Be3 b5 8. a3 e6 9. Bd3 Be7 10. O-O Bb7 11. Qe2 O-O 12. f4 Rc8 13. Kh1 Qc7 14. Bg1 Rfe8 15. Rae1 e5 16. Qf3 Kh8 17. Qh3 Nf8 18. Be3 Qd7 19. Qf3 Ng6 20. Rd1 Nh4 21. Qe2 Rxc3 22. bxc3 Nxe4 23. Bxe4 Bxe4 24. Rf2 Qc6 25. Kg1 Kg8 26. Nd2 Bxc2 27. Rc1 Bg6 28. Nf1 Nf5 29. Qd2 h6 30. a4 bxa4 31. c4 Bd8 32. c5 Nxe3 33. Nxe3 exf4 34. Nd5 dxc5 35. Nxf4 Be4 36. Rc4 Bf6 37. Re2 Bd4+ 38. Rxd4 cxd4 0-1

[Event "GER-ch 88th"]
[Site "Apolda"]
[Date "2017.06.25"]
[Round "3"]
[White "Bischoff, Klaus"]
[Black "Nisipeanu, Liviu Dieter"]
[Result "0-1"]
[WhiteElo "2504"]
[BlackElo "2683"]
[EventDate "2017.06.23"]
[PlyCount "140"]

1. d4 Nf6 2. c4 e6 3. Nf3 d5 4. Nc3 Bb4 5. cxd5 exd5 6. Bg5 h6 7. Bxf6 Qxf6 8. Qb3 Qb6 9. a3 Ba5 10. Qc2 Bf5 11. Qc1 Qd6 12. b4 Bb6 13. e3 O-O 14. Be2 c6 15. O-O Nd7 16. Qb2 Bc7 17. Rfc1 Bg4 18. g3 Rfe8 19. Ne1 Bxe2 20. Qxe2 Nb6 21. Nd3 Nc4 22. a4 a6 23. a5 Qf6 24. Nc5 Nd6 25. Kg2 Re7 26. Qf3 Qg6 27. Ne2 Ne4 28. Nf4 Bxf4 29. Qxf4 Rae8 30. Ra2 h5 31. Re2 Nd6 32. Rce1 Nf5 33. Kf1 Kh7 34. h3 Kg8 35. h4 Kh7 36. Qf3 Kh8 37. Qf4 Kg8 38. Qf3 Kh7 39. Qf4 Rd8 40. Rd2 Rde8 41. Rde2 f6 42. Qf3 Nd6 43. Kg2 Nf5 44. Kf1 Kg8 45. Qf4 Qh7 46. Kg1 Rf8 47. e4 Nxd4 48. Rd2 g5 49. Qe3 Nf5 50. Qb3 Nd6 51. hxg5 Nxe4 52. gxf6 Nxd2 53. fxe7 Nxb3 54. Nd7 Re8 55. Nf6+ Kf7 56. Nxh7 Rxe7 57. Ng5+ Kf6 58. Rxe7 Kxe7 59. Nh3 c5 60. bxc5 Nxa5 61. Nf4 d4 62. Nxh5 Nb3 63. Nf4 Nxc5 64. Kf1 a5 65. Ke2 b5 66. Nd3 Kd6 67. g4 Nxd3 68. Kxd3 Kd5 69. g5 b4 70. g6 Ke6 0-1

[Event "GER-ch 88th"]
[Site "Apolda"]
[Date "2017.06.25"]
[Round "3"]
[White "Buecker, Stefan"]
[Black "Telljohann, Sven"]
[Result "1-0"]
[WhiteElo "2291"]
[BlackElo "2407"]
[EventDate "2017.06.23"]
[PlyCount "161"]

1. b3 e5 2. Bb2 Nc6 3. Nf3 d6 4. e3 Nf6 5. d4 exd4 6. Nxd4 Nxd4 7. Qxd4 Be7 8. Nc3 c6 9. e4 O-O 10. Be2 b5 11. Bf3 c5 12. Qe3 b4 13. Ne2 Bb7 14. Rd1 Qb6 15. Ng3 Ne8 16. Nf5 Qc7 17. O-O Rd8 18. Rfe1 f6 19. Be2 Rf7 20. Bc4 Bf8 21. Bxf7+ Qxf7 22. c4 a5 23. Qg3 g6 24. f4 a4 25. Nh4 a3 26. Bc1 Rd7 27. Qd3 Re7 28. Nf3 Bg7 29. h3 Qe6 30. f5 Qc8 31. Bf4 Qa8 32. Nd2 g5 33. Bg3 h5 34. Qf3 h4 35. Bh2 Bf8 36. Re3 Rd7 37. Rde1 Nc7 38. Qg4 Qd8 39. Nf3 Rg7 40. Rd3 Ne8 41. Kh1 Qb6 42. Bg1 Bc6 43. Bf2 Qb7 44. Rde3 Qe7 45. Bg1 Qb7 46. R1e2 Qe7 47. Bh2 Qb7 48. Ne1 Bd7 49. Nd3 Qc8 50. Qf3 Bc6 51. Re1 Qb7 52. R3e2 Rh7 53. Nf2 Qf7 54. Rd1 Qb7 55. Ng4 Rf7 56. Kg1 Qa8 57. Kf1 Qb7 58. Ke1 Qa8 59. Kd2 Re7 60. Rde1 Rf7 61. Kc2 Qb7 62. Kd3 Qd7 63. g3 hxg3 64. Bxg3 Rh7 65. Rh1 Bg7 66. Kc2 Bf8 67. Qd3 Rh5 68. Kd2 Qh7 69. Reh2 Qe7 70. Nf2 Qg7 71. Qf3 Rh7 72. Ke2 Kf7 73. Kf1 Ke7 74. Kg2 Kd7 75. Rd1 Kc7 76. Rhh1 Qd7 77. Nd3 Ng7 78. Nxc5 Qc8 79. Rd5 Kb6 80. Nd3 Bxd5 81. cxd5 1-0

[Event "GER-ch 88th"]
[Site "Apolda"]
[Date "2017.06.25"]
[Round "3"]
[White "Bussard, Christian"]
[Black "Schmidt Schaeffer, Sebastian"]
[Result "1/2-1/2"]
[WhiteElo "2251"]
[BlackElo "2381"]
[EventDate "2017.06.23"]
[PlyCount "146"]

1. e4 c5 2. Nf3 e6 3. d4 cxd4 4. Nxd4 Nf6 5. Bd3 Nc6 6. Nxc6 dxc6 7. O-O e5 8. Bg5 h6 9. Bh4 Qb6 10. b3 Bg4 11. Qc1 g5 12. Bg3 Qd4 13. Nd2 Nh5 14. Nc4 Nxg3 15. hxg3 Bc5 16. Ne3 Be6 17. Rd1 Qc3 18. Qd2 Qxd2 19. Rxd2 Bxe3 20. fxe3 Rd8 21. Kf2 Ke7 22. Rh1 f6 23. Ke1 Bf7 24. Rf2 h5 25. Rhf1 Rd6 26. Rh1 c5 27. g4 Rdd8 28. gxh5 Rxh5 29. Rxh5 Bxh5 30. g3 Bg6 31. Rh2 a6 32. a4 a5 33. Ke2 b6 34. Ke1 Rf8 35. Kd2 Kf7 36. Kc3 Kg7 37. Kc4 Rd8 38. Kc3 Rd6 39. Rh1 Be8 40. Rh2 Bc6 41. Rh3 Rd8 42. Rh2 Rc8 43. Kd2 Rf8 44. Kc3 Rd8 45. Kc4 Bd7 46. Kc3 Be8 47. Kc4 Bf7+ 48. Kc3 Be6 49. Rh1 Bg4 50. Rh2 Bf3 51. Rf2 Bg4 52. Rh2 Kg6 53. Kc4 Be6+ 54. Kc3 Rc8 55. Rh1 Bd7 56. Ba6 Ra8 57. Bd3 Bc6 58. Rh2 Kg7 59. Rh3 c4 60. Bxc4 Bxe4 61. Rh2 Rd8 62. Rd2 Rxd2 63. Kxd2 Kf8 64. c3 Ke7 65. Bb5 Kd6 66. b4 Kd5 67. Ba6 Bg6 68. e4+ Kd6 69. Bd3 Be8 70. Bc2 Bc6 71. Ke3 Ke7 72. Bb3 Kd6 73. Bc2 Ke7 1/2-1/2

[Event "GER-ch 88th"]
[Site "Apolda"]
[Date "2017.06.25"]
[Round "3"]
[White "Donchenko, Alexander"]
[Black "Jugelt, Tobias"]
[Result "1-0"]
[WhiteElo "2573"]
[BlackElo "2431"]
[EventDate "2017.06.23"]
[PlyCount "147"]

1. c4 c6 2. d4 d5 3. Nf3 Nf6 4. Nc3 e6 5. Bg5 h6 6. Bh4 Nbd7 7. e3 Be7 8. Bd3 b6 9. cxd5 cxd5 10. O-O O-O 11. Qe2 Bb7 12. Rac1 Ne4 13. Bxe7 Qxe7 14. Nb5 Rfc8 15. a3 Ndf6 16. Rxc8+ Bxc8 17. Rc1 Ne8 18. Ne5 Bb7 19. f3 N4d6 20. Nc3 Rc8 21. Rf1 Nf6 22. g4 Nd7 23. f4 Ne4 24. Bxe4 dxe4 25. Nxd7 Qxd7 26. h4 f6 27. g5 Qf7 28. Rf2 Kh7 29. Rg2 g6 30. gxf6 Qxf6 31. h5 gxh5 32. Qxh5 Bc6 33. Qg4 Qf7 34. Kh2 Rf8 35. Ne2 Bb5 36. Ng3 Rg8 37. Qh5 Qxh5+ 38. Nxh5 Rxg2+ 39. Kxg2 Kg6 40. Ng3 Bc6 41. Kh3 Bd5 42. Kh4 Bc6 43. Ne2 Kg7 44. Nc3 Kg6 45. Nd1 Ba4 46. Nf2 Bc6 47. Ng4 Kg7 48. Ne5 Ba4 49. Nc4 Bb5 50. Nd6 Bc6 51. Kh5 b5 52. b3 a6 53. b4 Kf6 54. Nc8 Kg7 55. Nd6 Kf6 56. Kxh6 Ke7 57. Nc8+ Kd7 58. Na7 Bd5 59. Kg6 Kc7 60. f5 exf5 61. Kxf5 Kb7 62. Ke5 Bb3 63. Nxb5 axb5 64. Kxe4 Kc6 65. Ke5 Kd7 66. d5 Bd1 67. Kd4 Bf3 68. Kc5 Be2 69. e4 Bd3 70. e5 Be4 71. d6 Bd3 72. e6+ Kxe6 73. Kc6 Bf5 74. Kc7 1-0

[Event "GER-ch 88th"]
[Site "Apolda"]
[Date "2017.06.25"]
[Round "3"]
[White "Engel, Luis"]
[Black "Svane, Rasmus"]
[Result "0-1"]
[WhiteElo "2319"]
[BlackElo "2581"]
[EventDate "2017.06.23"]
[PlyCount "84"]

1. e4 e6 2. d4 d5 3. Nd2 Be7 4. Bd3 c5 5. dxc5 Nf6 6. Qe2 O-O 7. Ngf3 a5 8. a4 Na6 9. e5 Nd7 10. c3 Naxc5 11. Bc2 b6 12. Nd4 Ba6 13. Nb5 f6 14. Nf3 fxe5 15. Nxe5 Nxe5 16. Qxe5 Qe8 17. O-O Bf6 18. Qe2 e5 19. Be3 d4 20. Bd2 Rd8 21. Qc4+ Kh8 22. cxd4 Rxd4 23. Qc3 Bxb5 24. axb5 Qxb5 25. Be3 Rc4 26. Bd3 Nxd3 27. Qxd3 Rb4 28. Qa3 e4 29. Rab1 Rd8 30. Rfd1 Rxd1+ 31. Rxd1 h6 32. h3 Bxb2 33. Rd8+ Kh7 34. Qa2 Qc4 35. Qxc4 Rxc4 36. Bxb6 a4 37. Ra8 Kg6 38. Kf1 a3 39. Bd8 Rc1+ 40. Ke2 Rc2+ 41. Kf1 Bc3 42. Ra6+ Kh7 0-1

[Event "GER-ch 88th"]
[Site "Apolda"]
[Date "2017.06.25"]
[Round "3"]
[White "Frischmann, Rick"]
[Black "Tischbierek, Raj"]
[Result "1/2-1/2"]
[WhiteElo "2302"]
[BlackElo "2452"]
[EventDate "2017.06.23"]
[PlyCount "61"]

1. e4 Nf6 2. e5 Nd5 3. d4 d6 4. Bc4 c6 5. f4 g6 6. Nf3 Bg7 7. O-O O-O 8. Bb3 b5 9. h3 Na6 10. Qe2 Nac7 11. Qf2 f6 12. Nc3 Be6 13. Ne4 a5 14. a3 Nb6 15. exf6 exf6 16. Bxe6+ Nxe6 17. f5 gxf5 18. Ng3 f4 19. Nh5 Nd5 20. Nxg7 Kxg7 21. Ne1 f5 22. Nd3 Qg5 23. Bxf4 Nexf4 24. Nxf4 Nxf4 25. Qxf4 Qxf4 26. Rxf4 Rae8 27. Raf1 Re2 28. R1f2 Re1+ 29. Rf1 Re2 30. R1f2 Re1+ 31. Rf1 1/2-1/2

[Event "GER-ch 88th"]
[Site "Apolda"]
[Date "2017.06.25"]
[Round "3"]
[White "Fuchs, Florian"]
[Black "Tonndorf, Matthias"]
[Result "1/2-1/2"]
[WhiteElo "2335"]
[BlackElo "2256"]
[EventDate "2017.06.23"]
[PlyCount "107"]

1. e4 c5 2. Nf3 b6 3. d4 cxd4 4. Nxd4 Bb7 5. Nc3 d6 6. f3 Nf6 7. Be3 Nbd7 8. g4 Rc8 9. g5 Nh5 10. Bh3 g6 11. Qd2 a6 12. Nd5 e6 13. Bxe6 fxe6 14. Nxe6 Ne5 15. Nxd8 Nxf3+ 16. Kd1 Nxd2 17. Nxb7 Nc4 18. Bd4 Bg7 19. Bxg7 Nxg7 20. b3 Rb8 21. bxc4 Rxb7 22. Rf1 Rf8 23. Rxf8+ Kxf8 24. Rb1 Ne6 25. h4 Nc5 26. Nf6 Ke7 27. Ke2 Ke6 28. Ke3 Nd7 29. Nxh7 Ne5 30. Nf8+ Ke7 31. Rf1 Rb8 32. Nh7 Nxc4+ 33. Kd4 Ne5 34. Nf6 b5 35. Nd5+ Kd7 36. Rf6 Rh8 37. Rf4 Nc6+ 38. Ke3 Ne5 39. Kd4 Nc6+ 40. Ke3 Ne5 41. Nb4 Rc8 42. Kd2 a5 43. Nd3 Nc4+ 44. Kc1 Rh8 45. c3 Ke7 46. Kd1 Ne5 47. Ke2 Nc4 48. Ne1 Ne5 49. Nc2 Rc8 50. Ne3 Rh8 51. Nd5+ Kd7 52. Kf1 Kc6 53. Ke2 Kc5 54. Kd1 1/2-1/2

[Event "GER-ch 88th"]
[Site "Apolda"]
[Date "2017.06.25"]
[Round "3"]
[White "Goepfert, Jakob"]
[Black "Neyman, Igor"]
[Result "1/2-1/2"]
[WhiteElo "2109"]
[BlackElo "2308"]
[EventDate "2017.06.23"]
[PlyCount "166"]

1. d4 Nf6 2. c4 e6 3. Nc3 Bb4 4. e3 O-O 5. Nge2 d5 6. a3 Be7 7. Nf4 Re8 8. cxd5 exd5 9. Be2 c6 10. Qc2 a5 11. O-O Na6 12. Bd2 Bd6 13. Rac1 Nc7 14. Bd3 g6 15. Rfe1 Ne6 16. Nce2 Ng7 17. Ng3 Bd7 18. Bc3 h5 19. f3 h4 20. Nf1 Qc7 21. Qf2 g5 22. Nh3 Bxh3 23. gxh3 Re6 24. Qg2 Nh7 25. Kh1 Qe7 26. Qg4 Nf8 27. Rc2 Ng6 28. Rg2 Qf6 29. Ree2 Be7 30. Ref2 Bd6 31. Qxg5 Qxg5 32. Rxg5 Be7 33. Rg1 f5 34. Rfg2 Kh7 35. e4 Rf8 36. exd5 cxd5 37. Bxa5 Rf7 38. Bd2 Bd6 39. Ne3 Ne7 40. Rg4 Ng6 41. R4g2 Ne7 42. Bb1 Bb8 43. Ba2 Rd6 44. Bb4 Rd7 45. Bxe7 Rfxe7 46. Nxd5 Re6 47. Nf4 Bxf4 48. Rxg7+ Rxg7 49. Rxg7+ Kxg7 50. Bxe6 Bc1 51. b3 Bxa3 52. Bxf5 Kf6 53. Be4 b6 54. Kg2 Bb2 55. d5 Bc1 56. Kf2 Bf4 57. Ke2 Ke5 58. Kd3 Bxh2 59. Kc4 Kd6 60. Kb5 Kc7 61. Bg6 Bg1 62. f4 Bd4 63. Kc4 Bb2 64. Kd3 Kd6 65. Ke4 Bc3 66. Bh5 Bd2 67. Bf3 Bc1 68. Kf5 Bd2 69. Kg5 Ke7 70. Kxh4 Bxf4 71. Kg4 Bd6 72. h4 Kf6 73. h5 Bf8 74. Kf4 Bd6+ 75. Ke4 Bf8 76. Bg4 Ba3 77. Be2 Bf8 78. Kd4 Bg7 79. Kc4 Ke5 80. Bf3 Kd6 81. Kb5 Kc7 82. d6+ Kxd6 83. Kxb6 Ke6 1/2-1/2

[Event "GER-ch 88th"]
[Site "Apolda"]
[Date "2017.06.25"]
[Round "3"]
[White "Hirneise, Jens"]
[Black "Schneider, Jana"]
[Result "1-0"]
[WhiteElo "2328"]
[BlackElo "2261"]
[EventDate "2017.06.23"]
[PlyCount "75"]

1. e4 e5 2. Nf3 Nc6 3. Bb5 a6 4. Ba4 Nf6 5. O-O Be7 6. d3 b5 7. Bb3 O-O 8. Nc3 d6 9. a3 Bg4 10. Be3 Qd7 11. Nd5 Nxd5 12. Bxd5 Bxf3 13. Qxf3 Rad8 14. c3 Bf6 15. b4 Ne7 16. Bb3 Ng6 17. g3 Rfe8 18. h4 Nf8 19. h5 Qe7 20. a4 Ne6 21. axb5 axb5 22. Bd5 Ng5 23. Qg4 Rf8 24. Ra5 h6 25. Rfa1 Qe8 26. Ra6 Rb8 27. Ba7 Rd8 28. Kg2 Rc8 29. Bb7 Rd8 30. Bc6 Qe6 31. Qxe6 fxe6 32. Bxb5 d5 33. Bc5 Rf7 34. Ra8 Kh7 35. Rxd8 Bxd8 36. Ra8 Be7 37. Be8 Bxc5 38. Bxf7 1-0